000 00343pab a2200145 454500
008 180718b2006 xxu||||| |||| 00| 0 eng d
100 _aIqbal, Badar Alam
245 _aAgro-industries: key to economic progress
260 _c2006
300 _ap.4-7.
362 _aFall
650 _aAgroindustry
773 _aKurukshetra
909 _a68848
999 _c68848
_d68848